Statistics for Flags of Socialist or Communist countries

Click here to take the quiz!

General Stats

  • This quiz has been taken 138 times
  • The average score is 14 of 16

Answer Stats

Answer% Correct
China
99%
Cuba
97%
India
97%
Nepal
97%
Vietnam
97%
Bangladesh
96%
Algeria
95%
Laos
95%
North Korea
95%
Portugal
95%
Sri Lanka
91%
Nicaragua
83%
Tanzania
80%
Eritrea
76%
Guyana
76%
Guinea-Bissau
69%

Score Distribution

Percentile by Number Answered

Percent of People with Each Score

Your Score History

You have not taken this quiz